BSOP header

The doctrine of God / (Record no. 18589)

MARC details
000 -LEADER
fixed length control field 00715nam a2200169 4500
008 - FIXED-LENGTH DATA ELEMENTS--GENERAL INFORMATION
fixed length control field 031202s1930 nyu b 001 0 eng
090 ## - LOCALLY ASSIGNED LC-TYPE CALL NUMBER (OCLC); LOCAL CALL NUMBER (OCLC)
Classification number (OCLC) (R) ; Classification number, CALL (RLIN) (NR) BT75
Local cutter number (OCLC) ; Book number/undivided call number, CALL (RLIN) K78d
100 1# - MAIN ENTRY--PERSONAL NAME
Personal name Knudson, Albert Cornelius,
Dates associated with a name 1873-
245 14 - TITLE STATEMENT
Title The doctrine of God /
Statement of responsibility, etc Albert C. Knudson.
260 ## - PUBLICATION, DISTRIBUTION, ETC. (IMPRINT)
Place of publication, distribution, etc New York ;
Name of publisher, distributor, etc Abingdon-Cokesbury Press,
Date of publication, distribution, etc [c1930]
300 ## - PHYSICAL DESCRIPTION
Extent 434 p.
Dimensions 22 cm.
500 ## - GENERAL NOTE
General note "This is the first of two independent volumes that together will cover the field of Christian theology. The second volume will be entitled The doctrine of redemption"--p. 15.
504 ## - BIBLIOGRAPHY, ETC. NOTE
Bibliography, etc Includes bibliographical references.
650 #4 - SUBJECT ADDED ENTRY--TOPICAL TERM
Topical term or geographic name as entry element God.
650 #4 - SUBJECT ADDED ENTRY--TOPICAL TERM
Topical term or geographic name as entry element Theology, Doctrinal.
951 ## - EQUIVALENCE OR CROSS-REFERENCE-GEOGRAPHIC NAME/AREA NAME [OBSOLETE] [CAN/MARC only]
General subdivision 00005643
951 ## - EQUIVALENCE OR CROSS-REFERENCE-GEOGRAPHIC NAME/AREA NAME [OBSOLETE] [CAN/MARC only]
-- 18919
-- BT75/K78d
-- 070613111331234
-- 2000-12-21
-- GC
Holdings
Withdrawn status Lost status Damaged status Not for loan Home library Current library Shelving location Date acquired Accession number Shelving control number Total Checkouts Full call number Barcode Date last seen Price effective from Koha item type
        BSOP Library BSOP Library GC 12/21/2000 18919 127   BT75/K78d 00005643 02/23/2013 02/23/2013 Books
BSOP

Biblical Seminary of the Philippines
  All rights Reserved
  © 2024

CONTACT INFORMATION

Biblical Seminary of the Philippines,
  77-B Karuhatan Road, Valenzuela City,
  PHILIPPINES 1441
  Phone: +632 8292-6795 / 8292-6798
  Fax : +632 8292-6675
  Email: library@bsop.edu.ph